000 00317nam a22001337a 4500
008 171012b xxu||||| |||| 00| 0 eng d
020 _a0292755295
041 _aeng
080 _a316
100 _a316
101 _aSOC
245 _aWOMEN AND THE FAMILILY IN THE MIDDLE EAST
_cWARMOCK.E
942 _2udc
_cBK
999 _c33365
_d33365